[Event "Teplice Open 2012"]
[Site "Teplice CZE"]
[Date "2012.06.23"]
[Round "8.3"]
[White "Shishkin,Va UKR"]
[Black "Vorobiov,E"]
[Result "1/2-1/2"]
[WhiteElo "2492"]
[BlackElo "2581"]

1.d4 d5 2.c4 dxc4 3.e4 Nc6 4.Nf3 Bg4 5.d5 Ne5 6.Nc3 Nf6 7.Bf4 Ng6 8.Bg3 e5
9.dxe6 Qxd1+ 10.Rxd1 fxe6 11.Bxc4 Bb4 12.O-O Ke7 13.Rd3 Rad8 14.Nh4 Bxc3
15.bxc3 Nxe4 16.Nxg6+ hxg6 17.Re3 Nd2 18.Rfe1 Nxc4 19.Re4 Rd1 20.Rxd1 Bxd1
21.Rxc4 Rc8 22.Rxc7+ Rxc7 23.Bxc7 a6 24.f4 Ba4 25.Kf2 Bc6 26.Be5 Kf7 27.a3 Bd5
28.g3 Bc6 29.Ke3 Bd5 30.Kd4 Bc6 31.Kc5  1/2-1/2

[Event "65th ch-RUS HL"]
[Site "Tyumen RUS"]
[Date "2012.06.26"]
[Round "10"]
[White "Maletin,P"]
[Black "Timofeev,Arty"]
[Result "0-1"]
[WhiteElo "2596"]
[BlackElo "2641"]

1.d4 d5 2.c4 dxc4 3.e4 Nf6 4.e5 Nd5 5.Bxc4 Nb6 6.Bd3 Nc6 7.Be3 Nb4 8.Be4 f5
9.exf6 exf6 10.Nc3 f5 11.Bb1 N4d5 12.Nf3 Nxe3 13.fxe3 Qe7 14.O-O Be6 15.e4 fxe4
16.Bxe4 O-O-O 17.Qc2 Kb8 18.Kh1 g6 19.a4 a5 20.Rae1 Bg7 21.d5 Bd7 22.Bxg6 Qb4
23.Bd3 Bxa4 24.Nxa4 Qxa4 25.b3 Qb4 26.Bxh7 Rxd5 27.Qg6 Bc3 28.Re8+ Rd8 29.Rxd8+ Rxd8
30.Qc2 Nd5 31.Rb1 Re8 32.Bd3 Ne3 33.Qf2 Qd6 34.Qe2 Re7 35.Bc2 Bb4 36.Qd3 Qc5
37.Qd8+ Ka7 38.Bg6 Rg7 39.Be4 Ng4  0-1

[Event "Perla Baltyku Open 2012"]
[Site "Lazy POL"]
[Date "2012.06.30"]
[Round "1.2"]
[White "Bulski,K"]
[Black "Antonov,Al2"]
[Result "1-0"]
[WhiteElo "2543"]
[BlackElo "2119"]

1.d4 d5 2.c4 dxc4 3.e4 e5 4.Nf3 exd4 5.Bxc4 Nc6 6.O-O Be6 7.Bxe6 fxe6 8.Qb3 Qd7
9.Qxb7 Rb8 10.Qa6 Nf6 11.Nbd2 Bd6 12.Qe2 e5 13.Ne1 O-O 14.Nc4 Qe6 15.Bd2 Bb4
16.Bxb4 Rxb4 17.b3 Rd8 18.Nd3 Rbb8 19.Rac1 h6 20.Ncb2 Rdc8 21.Nc5 Qf7 22.Ncd3 Qe6
23.Rc4 Ne7 24.Rfc1 c6 25.Ra4 Ra8 26.Ra5 Ng6 27.g3 Nd7 28.Nc5 Nxc5 29.Raxc5 Rc7
30.Qc4 Qxc4 31.R1xc4 Rac8 32.Nd3 Kf7 33.h4 h5 34.Nxe5+ Nxe5 35.Rxe5 Rd7 36.Kf1 g6
37.Ke2 Rd6 38.Kd3  1-0

[Event "40th TCh-GRE 2012"]
[Site "Achaea GRE"]
[Date "2012.07.02"]
[Round "4.7"]
[White "Asvestopoulou,E"]
[Black "Hnara,Maria-Danai"]
[Result "1/2-1/2"]
[WhiteElo "1599"]
[BlackElo "1664"]

1.d4 d5 2.c4 dxc4 3.e4 Nf6 4.Nc3 e6 5.Bxc4 a6 6.Nf3 c5 7.O-O b5 8.Bb3 Bb7
9.Bc2 cxd4 10.Nxd4 Be7 11.Re1 Nc6 12.Nxc6 Qxd1 13.Rxd1 Bxc6 14.a3 O-O 15.Bf4 Rfd8
16.Bc7 Rxd1+ 17.Rxd1 Ra7 18.Bd6 Kf8 19.f3 Rd7 20.Bxe7+ Kxe7 21.Kf2 Rxd1 22.Bxd1 Nd7
23.Ke3 Kd6 24.Kd4 e5+ 25.Ke3 f6 26.Bb3 Nc5 27.Bg8 h6 28.Ba2 Nd7 29.Nd5 Bxd5
30.Bxd5  1/2-1/2

[Event "7th Vladimir Dvorkovich Cup"]
[Site "Moscow RUS"]
[Date "2012.07.04"]
[Round "5.2"]
[White "Petrosyan,M"]
[Black "Alekseenko,K"]
[Result "0-1"]
[WhiteElo "2291"]
[BlackElo "2445"]

1.d4 d5 2.c4 dxc4 3.e4 Nf6 4.e5 Nd5 5.Bxc4 Nb6 6.Bb3 Bf5 7.Be3 e6 8.Ne2 Na6
9.Nbc3 c6 10.O-O Nc7 11.Ng3 Bg6 12.f4 Nbd5 13.Qf3 Bd3 14.Rfd1 Ba6 15.f5 Nxe3
16.Qxe3 Qd7 17.Nge4 b6 18.Ng5 O-O-O 19.Qf3 Re8 20.fxe6 fxe6 21.Nf7 Rg8 22.Ne4 Kb8
23.Rac1 Bb7 24.Nfd6 Bxd6 25.Nxd6 Ref8 26.Qe4 g5 27.Ba4 b5 28.Bb3 Ba8 29.Qc2 Rf4
30.a4 Rgf8 31.Rd2 Na6 32.Qc3 g4 33.Rdc2 Nc7 34.Qb4 Bb7 35.g3 Rf3 36.Rc3 Na6
37.Rxf3 Rxf3 38.Qa3 b4 39.Qa2 Qg7 40.Re1 Qh6 41.Nc4 c5 42.Bd1 Rxg3+ 43.hxg3 cxd4
44.Re2 Qh1+ 45.Kf2 Nc5 46.Qb1 Be4 47.Bc2 Qg2+ 48.Ke1 Qg1+ 49.Kd2 Nb3+ 50.Bxb3 Qxb1  0-1

[Event "ch-SLO w 2012"]
[Site "Ljubljana SLO"]
[Date "2012.07.05"]
[Round "6.3"]
[White "Unuk,Laura"]
[Black "Bucar,N"]
[Result "1-0"]
[WhiteElo "1946"]
[BlackElo "2026"]

1.d4 d5 2.c4 dxc4 3.e4 e5 4.Nf3 exd4 5.Bxc4 Nc6 6.O-O Be6 7.Bxe6 fxe6 8.Qb3 Qd7
9.Qxb7 Rb8 10.Qa6 Bd6 11.e5 Nxe5 12.Nxe5 Bxe5 13.Qxa7 c6 14.Qc5 Rb5 15.Qc4 Qd6
16.f4 Bf6 17.Re1 Kf7 18.Na3 Rd5 19.Qd3 Ne7 20.Nc4 Qc5 21.Kh1 Nf5 22.b3 h5
23.Qe2 Re8 24.Ba3 Qa7 25.Qxh5+ g6 26.Qf3 d3 27.Rad1 Bc3 28.Rf1 Qd7 29.g4 Nh4
30.Qf2 Rh5 31.Ne5+ Bxe5 32.fxe5+ Rf5 33.Qxh4 Rh8 34.Qg3 Qd5+ 35.Qg2 Rxf1+
36.Rxf1+ Kg7 37.Qxd5 cxd5 38.Bd6 Rc8 39.Rd1 Rc2 40.a4 d2 41.Kg2 d4 42.Kf2 Rb2
43.b4 Kf7 44.Ke2 Rb3 45.Rxd2  1-0

[Event "1st ITT LXSBC 2012"]
[Site "Sao Bernardo do Campo BRA"]
[Date "2012.07.07"]
[Round "8.5"]
[White "Rodi,L"]
[Black "Zampronha,W"]
[Result "1-0"]
[WhiteElo "2363"]
[BlackElo "2207"]

1.d4 d5 2.c4 dxc4 3.e4 Nf6 4.e5 Nd5 5.Bxc4 Nb6 6.Bd3 Nc6 7.Be3 Nb4 8.Be4 f5
9.exf6 exf6 10.Nc3 f5 11.Bb1 N4d5 12.Nf3 Be7 13.O-O O-O 14.Bd2 Nxc3 15.bxc3 Be6
16.Re1 Bd5 17.Qe2 Bd6 18.Bd3 Qf6 19.Ne5 Bxe5 20.Qxe5 Qc6 21.Qg3 Rf7 22.Bc2 Nc4
23.Bf4 Na3 24.Bd1 Re8 25.Rxe8+ Qxe8 26.Bh5 g6 27.h4 Re7 28.Kh2 Qc6 29.Bd1 Nc4
30.Bc2 Nd6 31.Bxd6 Qxd6 32.Qxd6 cxd6 33.Bb3 Bxb3 34.axb3 a6 35.Ra4 Rc7 36.c4 Re7
37.Rb4 Re4 38.g3 Rxd4 39.Rxb7 a5 40.Kg2 Rd2 41.Kf3 Rb2 42.Rb5 Kf7 43.h5 g5
44.Rxf5+ Ke6 45.Rb5 h6 46.Ke3 Ra2 47.Rb8 a4 48.bxa4 Rxa4 49.Kd4 Ra2 50.Rh8 Rxf2
51.Rxh6+ Ke7 52.Rg6 Rf5 53.h6 Rf1 54.Rxg5 Rh1 55.Rg6 Rd1+ 56.Ke3 Kf7 57.h7 Rh1
58.Rxd6  1-0

[Event "34th Oberwart Open A"]
[Site "Oberwart AUT"]
[Date "2012.07.08"]
[Round "2.27"]
[White "Huber,Mart AUT"]
[Black "Bachner,K"]
[Result "1/2-1/2"]
[WhiteElo "2189"]
[BlackElo "1916"]

1.d4 d5 2.c4 dxc4 3.e4 e5 4.Nf3 exd4 5.Bxc4 Nc6 6.O-O Be6 7.Bb5 Bc5 8.b4 Bb6
9.a4 a6 10.Bxc6+ bxc6 11.a5 Ba7 12.Bb2 Qd6 13.Qc2 Ne7 14.Rd1 Bg4 15.Nbd2 O-O
16.Nc4 Qe6 17.Rd3 Bxf3 18.Rxf3 f5 19.Re1 Nd5  1/2-1/2

[Event "9th South Wales Int"]
[Site "Penarth WLS"]
[Date "2012.07.08"]
[Round "2.14"]
[White "Iyengar,I"]
[Black "Leconte,Nicolas"]
[Result "1-0"]
[WhiteElo "2003"]
[BlackElo "1750"]

1.d4 d5 2.c4 dxc4 3.e4 e5 4.Nf3 exd4 5.Bxc4 Bg4 6.Bxf7+ Kxf7 7.Ne5+ Ke8 8.Qxg4 Nf6
9.Qe6+ Qe7 10.Qc8+ Qd8 11.Qxd8+ Kxd8 12.Nf7+ Ke8 13.Nxh8 Nc6 14.O-O Bb4 15.e5 Nxe5
16.a3 Bd6 17.Re1 Ke7 18.f4 Bc5 19.Rxe5+  1-0

[Event "2nd Polugaevsky Mem"]
[Site "Samara RUS"]
[Date "2012.07.08"]
[Round "4.23"]
[White "Fedoseev,Vl3"]
[Black "Shaydullina,S"]
[Result "1-0"]
[WhiteElo "2506"]
[BlackElo "2160"]

1.d4 d5 2.c4 dxc4 3.e4 Nc6 4.Nf3 Bg4 5.d5 Ne5 6.Bf4 Ng6 7.Be3 Nf6 8.Nc3 e5
9.Bxc4 a6 10.Be2 Bd6 11.O-O O-O 12.Rc1 b5 13.a3 Bd7 14.b4 Qe7 15.Nd2 Nf4
16.Nb3 Nxe2+ 17.Qxe2 Ng4 18.Bd2 f5 19.Nc5 f4 20.Nxd7 Qxd7 21.f3 Nf6 22.Nd1 g5
23.Nf2 h5 24.Nd3 Kh8 25.Rc6 Qe7 26.Nc5 a5 27.Ne6 axb4 28.Nxf8 Qxf8 29.Bxb4 Qb8
30.Qf2 Ne8 31.Rfc1 Ra7 32.Qb2 Kh7 33.Kf1 Ng7 34.Bxd6 cxd6 35.Qb4 Rd7 36.Ra6 g4
37.Rcc6 Ne8 38.Qa5 Nf6 39.Ra8 Qb7 40.Rac8 Kg6 41.R8c7 Rxc7 42.Qxc7 Qxc7 43.Rxc7 h4
44.h3 gxf3 45.gxf3 Ne8 46.Rb7 Kf6 47.Rxb5 Ke7 48.Rb7+ Kd8 49.Rb8+ Kd7 50.Rxe8 Kxe8
51.Ke2 Kd7 52.Kd3 Kc7 53.Kc4 Kb6 54.Kb4 Ka6 55.a4 Kb6 56.a5+ Ka6 57.Ka4 Ka7
58.Kb5 Kb7 59.a6+ Ka7 60.Kc6 Kxa6 61.Kxd6 Kb5 62.Kxe5  1-0

[Event "4th Rethymno Open"]
[Site "Rethymno GRE"]
[Date "2012.07.09"]
[Round "4.24"]
[White "Kekki,P"]
[Black "Stray,G"]
[Result "1/2-1/2"]
[WhiteElo "2365"]
[BlackElo "2035"]

1.d4 d5 2.c4 dxc4 3.e4 Nc6 4.Be3 Nf6 5.f3 a6 6.Bxc4 b5 7.Be2 e5 8.d5 Na5
9.Qc2 Bd6 10.Nd2 Bd7 11.a3 Nb7 12.Nb3 Qe7 13.Nh3 Rc8 14.Nf2 c6 15.Qd2 cxd5
16.exd5 Bf5 17.Bd3 e4 18.Nd4 exd3 19.Nxf5 Qe5 20.Qxd3 O-O 21.Nxd6 Nxd6 22.O-O Qxd5
23.Rfd1 Qxd3 24.Nxd3 Nc4 25.Bd4 Rfd8 26.Bxf6 gxf6 27.Kf2 Kg7 28.g4 Ne5 29.Nxe5 Rc2+
30.Kg3 Rxd1 31.Rxd1 fxe5 32.Rd6 Rxb2 33.Rxa6 Rb3 34.Kf2 f6 35.h4 Kg6 36.g5 Kg7
37.Rxf6 Rxa3 38.Re6 Ra7 39.Rb6 Re7 40.Ke3 Rf7 41.Rxb5 Rf4 42.Rxe5 Rxh4 43.Re4 Rh1
44.Ra4 Re1+ 45.Kf4 Re7 46.Ra6 Rb7 47.Kg4 Rb4+ 48.f4 Rc4 49.Rd6 Ra4 50.Kf5 Ra7
51.Ke5 Ra5+ 52.Rd5 Ra1 53.Kf5 Ra7 54.Rd6 Ra5+ 55.Ke6 Ra1 56.f5 Re1+ 57.Kd7 Re5
58.f6+ Kf7 59.Kc6 Rxg5 60.Rd7+  1/2-1/2

[Event "Turkish Bank Chess League 2012"]
[Site "Konya TUR"]
[Date "2012.07.14"]
[Round "4"]
[White "Cmilyte,V"]
[Black "Paikidze,N"]
[Result "0-1"]
[WhiteElo "2525"]
[BlackElo "2381"]

1.d4 d5 2.c4 dxc4 3.e4 e5 4.Nf3 exd4 5.Bxc4 Nc6 6.O-O Bc5 7.Bg5 Nge7 8.Nbd2 O-O
9.a3 a5 10.Re1 h6 11.Bh4 g5 12.e5 Ng6 13.Bg3 g4 14.Nb3 Bb6 15.Nfd2 Kg7 16.Bd3 Be6
17.Nc4 h5 18.f4 Bxc4 19.Bxc4 d3+ 20.Kh1 h4 21.f5 Qg5 22.f6+ Kh7 23.Bxh4 Qxh4
24.Qxd3 a4 25.Qf5 axb3 26.Re4 Nd4  0-1

[Event "Werner-Ott-Open 2012"]
[Site "Berlin GER"]
[Date "2012.07.15"]
[Round "9.16"]
[White "Dimitrijeski,K"]
[Black "Schaefer,He"]
[Result "1-0"]
[WhiteElo "2184"]
[BlackElo "2003"]

1.d4 d5 2.c4 dxc4 3.e4 e5 4.Nf3 exd4 5.Bxc4 Nc6 6.O-O Be6 7.Bb5 Bc5 8.Nbd2 Ne7
9.Nb3 Bxb3 10.Qxb3 O-O 11.Bg5 Kh8 12.Bxc6 bxc6 13.Rfd1 f6 14.Be3 Qb8 15.Nxd4 Qxb3
16.axb3 Rfb8 17.Rd3 Rd8 18.Rad1 Rd6 19.Nf5 Nxf5 20.Bxc5 Rxd3 21.Rxd3 Nd6
22.f3 Kg8 23.Rd2 Nb5 24.Rd7 a5 25.Kf2 a4 26.b4 a3 27.bxa3 Rxa3 28.g4 Ra1
29.h4 Rh1 30.h5 h6 31.f4 Rc1 32.e5 fxe5 33.fxe5 Rc4 34.e6  1-0

[Event "Corporation Centre Cup A"]
[Site "Izhevsk RUS"]
[Date "2012.07.15"]
[Round "1"]
[White "Khismatullin,D"]
[Black "Toropov,P"]
[Result "1-0"]
[WhiteElo "2664"]
[BlackElo "2263"]

1.d4 d5 2.c4 dxc4 3.e4 Nc6 4.Nf3 Bg4 5.d5 Ne5 6.Nc3 a6 7.Qd4 Nd3+ 8.Bxd3 cxd3
9.Ne5 Bd7 10.Bf4 e6 11.Nxd3 Nf6 12.O-O-O exd5 13.exd5 Be7 14.Nc5 Bc8 15.Rhe1 O-O
16.d6 cxd6 17.Bxd6 Bxd6 18.Qxd6 Qxd6 19.Rxd6 b5 20.a3 Ra7 21.b4 h6 22.Kb2 Ne8
23.Rd2 Nf6 24.f3 Bf5 25.g4 Bc8 26.h4 h5 27.g5 Ne8 28.Nd5 Be6 29.Nf4 Bc4 30.Nd7  1-0

[Event "11th Condom IM 2012"]
[Site "Condom FRA"]
[Date "2012.07.16"]
[Round "4.3"]
[White "Cioara,A"]
[Black "Velten,P"]
[Result "1-0"]
[WhiteElo "2484"]
[BlackElo "2390"]

1.d4 d5 2.c4 dxc4 3.e4 Nf6 4.e5 Nd5 5.Bxc4 Nb6 6.Bb3 Nc6 7.Be3 Bf5 8.Ne2 e6
9.Nbc3 Qd7 10.O-O O-O-O 11.Bc2 Bxc2 12.Qxc2 f5 13.exf6 gxf6 14.Rfd1 Bd6 15.Rac1 Kb8
16.Ne4 Nd5 17.N2c3 Rhg8 18.g3 Rdf8 19.Nxd5 exd5 20.Nxd6 Qxd6 21.Qd2 h5 22.Bf4 Qd7
23.h4 Rc8 24.Qe2 Rg4 25.Qf3 Ka8 26.Rc5 Ne7 27.Rdc1 c6 28.Kf1 b6 29.R5c3 Nf5
30.Rd1 Re8 31.b4 Re4 32.b5 Re6 33.Qd3 Ne7 34.Rdc1 Rg8 35.Qh7 Re4 36.Rxc6 Qh3+
37.Kg1 Re8 38.Rc7 Nc6 39.Be5 Rxh4 40.gxh4 fxe5 41.bxc6 Qg4+ 42.Kf1 Qh3+ 43.Ke1 exd4+
44.Re7  1-0

[Event "Turkish Bank Chess League 2012"]
[Site "Konya TUR"]
[Date "2012.07.16"]
[Round "7"]
[White "Atalik,E"]
[Black "Paikidze,N"]
[Result "1/2-1/2"]
[WhiteElo "2448"]
[BlackElo "2381"]

1.d4 d5 2.c4 dxc4 3.e4 e5 4.Nf3 exd4 5.Bxc4 Nc6 6.O-O Bc5 7.b4 Bxb4 8.Qb3 Qe7
9.Bg5 f6 10.Bd2 Nh6 11.Bd5 Bxd2 12.Nbxd2 Nf7 13.Bxc6+ bxc6 14.Nxd4 O-O 15.Nxc6 Qd6
16.Qc3 Bd7 17.Na5 Rab8 18.Ndb3 Qe5 19.Qxe5 Nxe5 20.Rfc1 f5 21.exf5 Bxf5 22.Rxc7 Rf7
23.Rc3 Rd8 24.f4 Rd3 25.Rcc1 Ng6 26.g3 Bh3 27.Rd1 Re3 28.Re1 Rxe1+ 29.Rxe1 Rc7
30.Nd4 Ne7 31.Nab3 h6 32.Re5 Kf7 33.Ra5 Rd7 34.Kf2 Bg4 35.Kg2 Bd1 36.Kf2 Nc8
37.Nc6 Kg8 38.Nbd4 Rb7 39.Ke3 Rb2 40.Nxa7 Nb6 41.Rb5 Rxa2 42.Nac6 Nc4+ 43.Kd3 Nb2+
44.Ke4 Nc4 45.Rb8+ Kh7 46.Ne6 Re2+ 47.Kd5 Ne3+ 48.Kc5 Rc2+ 49.Kd6 Rd2+ 50.Kc5 Rc2+
51.Kd6 Rd2+ 52.Kc5  1/2-1/2

[Event "Corporation Centre Cup A"]
[Site "Izhevsk RUS"]
[Date "2012.07.17"]
[Round "3"]
[White "Demianjuk,A"]
[Black "Fakhrutdinov,Timur"]
[Result "1-0"]
[WhiteElo "2309"]
[BlackElo "2079"]

1.d4 d5 2.c4 dxc4 3.e4 e5 4.Nf3 exd4 5.Bxc4 Nc6 6.O-O Be6 7.Nbd2 Qd7 8.Re1 O-O-O
9.Bb5 Qd6 10.a3 a6 11.Bd3 f6 12.b4 Nh6 13.b5 axb5 14.Bxb5 Ne5 15.Nxe5 fxe5
16.Qa4 c6 17.Nc4 Qc7 18.Bg5 Be7 19.Bxe7 cxb5 20.Bxd8 Rxd8 21.Qxb5 Bxc4 22.Qb4 Nf7
23.a4 Nd6 24.Rec1 Kd7 25.f4 Re8 26.Rd1 exf4 27.Rxd4 f3 28.Rad1 Be2 29.Rxd6+ Kc8
30.Rb1 Re5 31.Qd4 Rg5 32.Rd8+ Qxd8 33.Rc1+ Qc7 34.Rxc7+ Kxc7 35.g3 Rg6 36.Qe5+ Kb6
37.Qb2+ Ka6 38.e5 Rc6 39.Kf2 g5 40.g4 b6 41.Qb1 Rh6 42.Qg1 Re6 43.Qc1 Rh6
44.e6 Rxh2+ 45.Ke3 Ka5 46.e7 f2 47.Qc3+ Ka6 48.Kxe2  1-0

[Event "2nd Science Park Open A"]
[Site "Amsterdam NED"]
[Date "2012.07.21"]
[Round "8.9"]
[White "Wiersma,E"]
[Black "Zult,D"]
[Result "1/2-1/2"]
[WhiteElo "2375"]
[BlackElo "2252"]

1.d4 d5 2.c4 dxc4 3.e4 e5 4.Nf3 exd4 5.Bxc4 Nc6 6.O-O Be6 7.Bb5 Bc5 8.b4 Bb6
9.a4 a6 10.Bxc6+ bxc6 11.a5 Ba7 12.Bb2 Bg4 13.Nbd2 Rb8 14.Qc2 Qd6 15.Nc4 Qf6
16.Nfe5 h5 17.Ra3 Ne7 18.h3 Rb5 19.Qd3 Be6 20.f4 Rxb4 21.f5 Bxc4 22.Nxc4 Rxc4
23.Qxc4 d3+ 24.Kh1 Qxb2 25.Rxd3 Qb5 26.Rfd1 O-O 27.Qxb5 cxb5 28.Rd7 Re8 29.Rxc7 Bb8
30.Rxe7 Rxe7 31.Rd8+ Kh7 32.Rxb8 Rxe4 33.Rb6 Rf4 34.Rxa6 Rxf5 35.Rb6 h4 36.a6 g6
37.Kg1 Rc5 38.Rf6 Rc7 39.Rf4 Kg7 40.Rf6 Rc5  1/2-1/2

[Event "ch-PHI Grand Final 2012"]
[Site "Boracay PHI"]
[Date "2012.07.21"]
[Round "9.7"]
[White "Pascua,H"]
[Black "Mejia,Giovanni"]
[Result "1-0"]
[WhiteElo "2310"]
[BlackElo "1932"]

1.d4 d5 2.c4 dxc4 3.e4 e5 4.Nf3 exd4 5.Bxc4 Bb4+ 6.Nbd2 Nc6 7.O-O Qf6 8.e5 Qg6
9.a3 Bxd2 10.Qxd2 Nge7 11.b4 O-O 12.b5 Nd8 13.Nxd4 c5 14.Ne2 Ne6 15.Bd3 Qh5
16.Bb2 Rd8 17.Rac1 b6 18.Rc4 Bb7 19.Ng3 Qg6 20.Rd1 Qg5 21.Qc2 Ng6 22.h4 Nxh4
23.Bxh7+ Kh8 24.Be4 Rxd1+ 25.Qxd1 Rd8 26.Qa4 Bxe4 27.Bc1 Qe7 28.Rxe4 Ng6
29.Be3 Qd7 30.Nf5 Nc7 31.Nd6 Ne8 32.Nc4 Nc7 33.Qxa7 Nxb5 34.Qxd7 Rxd7 35.Nxb6 Rd1+
36.Kh2 Nxa3 37.Bxc5 Nb1 38.Rd4 Re1 39.f4 Rc1 40.Nd7 Rf1 41.g3 Nc3 42.Kg2 Re1  1-0

[Event "GER-POL w Match 2012"]
[Site "Gladenbach GER"]
[Date "2012.07.21"]
[Round "5.4"]
[White "Worek,J"]
[Black "Levushkina,E"]
[Result "1/2-1/2"]
[WhiteElo "2319"]
[BlackElo "2313"]

1.d4 d5 2.c4 dxc4 3.e4 Nf6 4.e5 Nd5 5.Bxc4 Nb6 6.Bb3 Nc6 7.Ne2 Bf5 8.Nbc3 e6
9.O-O Qd7 10.Be3 O-O-O 11.Rc1 Kb8 12.Na4 Na5 13.Nc5 Qe8 14.a3 Bxc5 15.Rxc5 Nxb3
16.Qxb3 Qa4 17.Qc3 Qd7 18.Qd2 Na4 19.Rcc1 Be4 20.b3 Nb6 21.a4 Bc6 22.Rc5 Qe7
23.Qc2 Nd5 24.b4 Be8 25.b5 Bd7 26.Nc3 Nxc3 27.Qxc3 Rc8 28.Rc1 c6 29.b6 a6
30.Qd3 Rcd8 31.R1c4 Bc8 32.Bc1 Rd5 33.Ba3 Qd8 34.Rxd5 exd5 35.Bd6+ Ka8 36.Rb4 g6
37.Qf3 Bf5 38.a5 h5 39.Qf4 Rg8 40.Rb3 Qd7 41.Qg5 c5 42.h3 c4 43.Ra3 Rc8 44.Qd2 Qc6
45.Bc5 Qb5 46.Qb4 Qxb4 47.Bxb4 Rc6 48.Rf3 Kb8 49.Kf1 Kc8 50.Ke1 Kd7 51.Kd2 Rc8
52.Kc3 Kc6 53.Re3 Rg8 54.Rf3 Be6 55.Rf6 g5 56.Rh6 h4 57.g4 hxg3 58.fxg3 Kb5
59.g4 Re8  1/2-1/2

[Event "5th Paleochora Open"]
[Site "Paleochora GRE"]
[Date "2012.07.21"]
[Round "7.15"]
[White "Svetushkin,D"]
[Black "Papadimitriou,A"]
[Result "1-0"]
[WhiteElo "2592"]
[BlackElo "2215"]

1.d4 d5 2.c4 dxc4 3.e4 e5 4.Nf3 Bb4+ 5.Bd2 Bxd2+ 6.Nbxd2 exd4 7.Bxc4 Nc6
8.O-O Qf6 9.b4 Nge7 10.b5 Nd8 11.Nb3 Bg4 12.Nbxd4 O-O 13.h3 Bxf3 14.Nxf3 Ne6
15.e5 Qg6 16.Qd7 Nf4 17.Qg4 Qxg4 18.hxg4 c6 19.Rab1 Rab8 20.g3 Nfd5 21.bxc6 Nb6
22.c7 Rbc8 23.Rfc1 Nc6 24.Ba6 Na5 25.Rb5 Nac4 26.Bxb7 Rxc7 27.Ba6 Rd7 28.a4 Rd3
29.Kg2 Ra3 30.Rb4 Rxf3 31.Kxf3 Nxe5+ 32.Kg2 f6 33.a5 Nd5 34.Rb7 Ra8 35.Rc5  1-0

[Event "30th Andorra Open"]
[Site "Andorra la Vella AND"]
[Date "2012.07.22"]
[Round "2.16"]
[White "Zoler,D"]
[Black "Bas Mas,J"]
[Result "1-0"]
[WhiteElo "2527"]
[BlackElo "2214"]

1.d4 d5 2.c4 dxc4 3.e4 c5 4.d5 Nf6 5.Nc3 b5 6.e5 b4 7.exf6 bxc3 8.bxc3 exf6
9.Bxc4 Bd6 10.Ne2 O-O 11.O-O Nd7 12.Ng3 Nb6 13.Be2 c4 14.Bf3 Qc7 15.a4 Rb8
16.Ba3 Rd8 17.Bxd6 Qxd6 18.Qd4 Qe5 19.Rfd1 a5 20.Qc5 Bd7 21.Qxa5 Nxa4 22.Rxa4 Bxa4
23.Qxa4 Qxc3 24.Ne2 Qb3 25.Qa1 Ra8 26.Qd4 Ra3 27.h4 c3 28.Rc1 c2 29.Qc5 Ra1
30.Rxa1 Qb1+ 31.Rxb1 cxb1=Q+ 32.Kh2 Qb8+ 33.g3 g6 34.Kg2 Kg7 35.Nd4 Qd6 36.Qxd6 Rxd6
37.Nc6 f5 38.Kf1 Rd7 39.Ke2 Rb7 40.Ke3 Rb3+ 41.Kf4 Kf6 42.g4 fxg4 43.Bxg4 Rd3
44.Ke4 Rd2 45.f4 h6 46.Bc8 Rd1 47.Ba6 Rd2 48.Bc4 Rd1 49.Ke3 Rc1 50.Kd4 Rd1+
51.Kc5 Kf5 52.d6 Rxd6 53.Kxd6 Kxf4 54.Bxf7 Kg4 55.Bxg6 Kxh4 56.Ke5 Kg3 57.Nd4 Kf2
58.Nf5 Ke2 59.Nxh6 Kd2 60.Kd4 Kc1 61.Kc3 Kd1 62.Nf7 Ke2 63.Nd6 Kd1 64.Kb2 Kd2
65.Bc2 Ke3 66.Kc3 Kf4 67.Kd4 Kg5 68.Ke5 Kh6 69.Ne8 Kg5 70.Bf5 Kh6 71.Kf6 Kh5
72.Nd6 Kh6 73.Nf7+ Kh5 74.Ke5 Kh4 75.Kf4 Kh5 76.Be4 Kh4 77.Bg6  1-0

[Event "45th Biel Masters Open"]
[Site "Biel SUI"]
[Date "2012.07.24"]
[Round "2"]
[White "Avrukh,B"]
[Black "Pruess,D"]
[Result "1-0"]
[WhiteElo "2605"]
[BlackElo "2375"]

1.d4 d5 2.c4 dxc4 3.e4 Nf6 4.e5 Nd5 5.Bxc4 Nb6 6.Bd3 Nc6 7.Ne2 Bg4 8.f3 Bh5
9.Nbc3 e6 10.Be3 Nb4 11.Be4 N4d5 12.Bf2 Bg6 13.h4 Qd7 14.Qb3 O-O-O 15.O-O-O Be7
16.Kb1 Nxc3+ 17.Nxc3 Nd5 18.Rc1 Nxc3+ 19.Rxc3 Qd5 20.Qc2 Rd7 21.Rc1 c6 22.h5 Bxe4
23.fxe4 Qb5 24.a4 Qa6 25.Rc4 Kb8 26.b4 Bg5 27.Rd1 Rhd8 28.Rd3 Bf4 29.Rc5 Qb6
30.Qb2 f6 31.exf6 gxf6 32.Rc4 Qc7 33.b5 Ka8 34.Qc2 Qa5 35.g3 cxb5 36.axb5 Bb8
37.Qb3 f5 38.exf5 exf5 39.Rc5 f4 40.g4 Qb6 41.d5 Qf6 42.Qc4 Re7 43.Ra3 Rde8
44.Rc8 Re1+ 45.Bxe1 Rxe1+ 46.Kc2 Qe5 47.Rxa7+ Kxa7 48.Qc5+ b6 49.Qa3+ Kb7
50.Qa6+  1-0

[Event "XIV ch-Gdansk Int 2012"]
[Site "Gdansk POL"]
[Date "2012.07.25"]
[Round "5.32"]
[White "Zhuk,Ivan"]
[Black "Smalara,K"]
[Result "1-0"]
[WhiteElo "1642"]
[BlackElo "1951"]

1.d4 d5 2.c4 dxc4 3.e4 c6 4.Bxc4 Nf6 5.Nc3 e6 6.Bg5 Be7 7.Nf3 b5 8.Bxf6 gxf6
9.Be2 Bb7 10.d5 b4 11.dxc6 Bxc6 12.Nb5 O-O 13.Bd3 Qa5 14.Nfd4 a6 15.Nb3 Qb6
16.N5d4 Nd7 17.O-O Kh8 18.Nxc6 Qxc6 19.Rc1 Qb6 20.Bxa6 Ne5 21.Bc4 Rxa2 22.Qe2 Raa8
23.Kh1 Rg8 24.f4 Ng6 25.Nd2 Rad8 26.b3 Qd6 27.Nf3 Nxf4 28.e5 Qb8 29.Qe4 Nd5
30.exf6 Nxf6 31.Qe5 Rg7 32.Qxb8 Rxb8 33.Ne5 Rf8 34.Nc6 Ng8 35.Nxe7 Nxe7 36.Bxe6 Ng6
37.Bd5 Ne5 38.g3 f6 39.Rxf6  1-0

[Event "23rd Czech Open A"]
[Site "Pardubice CZE"]
[Date "2012.07.27"]
[Round "8.17"]
[White "Stocek,J"]
[Black "Zaslavsky,M"]
[Result "1-0"]
[WhiteElo "2573"]
[BlackElo "2441"]

1.d4 d5 2.c4 dxc4 3.e4 e5 4.Nf3 Bb4+ 5.Bd2 Bxd2+ 6.Qxd2 exd4 7.Qxd4 Qxd4
8.Nxd4 Bd7 9.Bxc4 Nc6 10.Nxc6 Bxc6 11.Nc3 Ne7 12.O-O-O O-O 13.Rd2 a6 14.Rhd1 Rfe8
15.f3 Kf8 16.Bb3 Rec8 17.e5 Ng6 18.f4 Re8 19.g3 Rac8 20.Nd5 Red8 21.Ne3 Rxd2
22.Rxd2 Re8 23.h4 Ne7 24.h5 f6 25.g4 Nc8 26.Rf2 g6 27.g5 f5 28.Rh2 Kg7 29.h6+ Kf8
30.Bd5 Rd8 31.Rd2 Nb6 32.Bxc6 Rxd2 33.Kxd2 bxc6 34.Kc3 Nd5+ 35.Nxd5 cxd5
36.Kd4 c6 37.b4 Ke7 38.a4 Ke6 39.Kc5 Kd7 40.b5 axb5 41.axb5 cxb5 42.Kxd5 b4
43.Kc4 Kc6 44.Kxb4 Kb6 45.Kc4 Kc6 46.Kd4 Kd7 47.Kc5 Ke7 48.Kb6 Kf7 49.Kb7 Kf8
50.Kc6 Ke7 51.Kc7 Ke8 52.Kd6 Kf7 53.e6+ Kf8 54.Kd7  1-0

[Event "Politiken Cup 2012"]
[Site "Helsingor DEN"]
[Date "2012.07.29"]
[Round "2.18"]
[White "Schandorff,L"]
[Black "Andersen,Ru2"]
[Result "1-0"]
[WhiteElo "2516"]
[BlackElo "2076"]

1.d4 d5 2.c4 dxc4 3.e4 e5 4.Nf3 exd4 5.Bxc4 Nc6 6.O-O Be6 7.Bb5 Bc5 8.b4 Bb6
9.a4 a6 10.Bxc6+ bxc6 11.a5 Ba7 12.Bb2 Nf6 13.Bxd4 Nxe4 14.Bxa7 Qxd1 15.Rxd1 Rxa7
16.Nd4 Rb7 17.Nxc6 Nd6 18.Nc3 Kd7 19.Ne5+ Kc8 20.Rab1 Bf5 21.Rbc1 Re8 22.Rxd6 Rxe5
23.Nd5 Bc2 24.f4 Re2 25.Rxc2 Rxc2 26.Ne7+ Kb8 27.Rd8+ Ka7 28.Nc8+ Kb8 29.Nb6+ Ka7
30.Ra8+  1-0

[Event "TCh-ESP CECLUB 2a Gp2 2012"]
[Site "Burguillos ESP"]
[Date "2012.08.12"]
[Round "6.3"]
[White "Moreno Ruiz,J"]
[Black "Ivanov,Jo"]
[Result "1-0"]
[WhiteElo "2498"]
[BlackElo "2359"]

1.d4 d5 2.c4 dxc4 3.e4 Nf6 4.e5 Nd5 5.Bxc4 Nb6 6.Bd3 Nc6 7.Be3 Nb4 8.Be4 f5
9.exf6 exf6 10.Nc3 f5 11.Bb1 Be6 12.Nf3 N4d5 13.O-O Bd6 14.Re1 Qd7 15.Ng5 O-O
16.Nxe6 Qxe6 17.Bc2 Nxc3 18.bxc3 Qd5 19.Bb3 Nc4 20.a4 a6 21.a5 b5 22.axb6 cxb6
23.Qf3 Qf7 24.Ra4 b5 25.Bxc4 bxc4 26.Rea1 Qe6 27.Bf4 Bxf4 28.Qxf4 Rf6 29.h3 h6
30.Ra5 g5 31.Qf3 Ra7 32.Re5 Qf7 33.Rc5 Re7 34.Qa8+ Re8 35.Rc8 Rxc8 36.Qxc8+ Kg7
37.Rxa6 Rxa6 38.Qxa6 f4 39.Qc6 Qe7 40.Kf1 h5 41.Qxc4 Qe4 42.Qc7+ Kg6 43.Qd6+ Kh7
44.Qe5 Qd3+ 45.Kg1 Qxc3 46.h4 gxh4 47.Qxh5+ Kg7 48.Qg4+  1-0

[Event "Husek Vienna Open A"]
[Site "Vienna AUT"]
[Date "2012.08.14"]
[Round "2"]
[White "Ragger,M"]
[Black "Borsos,B"]
[Result "1-0"]
[WhiteElo "2670"]
[BlackElo "2270"]

1.d4 d5 2.c4 dxc4 3.e4 e5 4.Nf3 exd4 5.Bxc4 Nc6 6.O-O Bc5 7.Ng5 Nh6 8.Nxf7 Nxf7
9.Bxf7+ Kxf7 10.Qh5+ Kg8 11.Qxc5 Qe7 12.Qxe7 Nxe7 13.Bf4 Be6 14.Bxc7 Rc8
15.Bd6 Kf7 16.Nd2 Rhd8 17.Ba3 d3 18.Nf3 Ke8 19.Bb4 Rc4 20.a3 Nc6 21.Bc3 Bg4
22.Nd2 Rc5 23.f3 Be6 24.Kf2 Kf7 25.Ke3 a5 26.Rac1 a4 27.f4 g6 28.Rfd1 Rd7
29.Nf3 Bc4 30.Bb4 d2 31.Rxd2  1-0

[Event "16th Izmailov Mem"]
[Site "Tomsk RUS"]
[Date "2012.08.15"]
[Round "9.7"]
[White "Gutov,A"]
[Black "Khatoev,E"]
[Result "1-0"]
[WhiteElo "2413"]
[BlackElo "2322"]

1.d4 d5 2.c4 dxc4 3.e4 e5 4.Nf3 exd4 5.Bxc4 Nc6 6.O-O Be6 7.Bxe6 fxe6 8.Qb3 Qd7
9.Qxb7 Rb8 10.Qa6 Nf6 11.Nbd2 Bd6 12.a3 O-O 13.b4 Bf4 14.Bb2 e5 15.Rfc1 Nd8
16.Rc5 Ne6 17.Qc4 Kh8 18.Rc6 Rb6 19.Rc1 Bxd2 20.Nxd2 Nf4 21.Rxb6 Qg4 22.g3 axb6
23.f3 Qg5 24.Kh1 N4d5 25.f4 exf4 26.exd5 fxg3 27.Qxd4 Nxd5 28.Ne4 g2+ 29.Kg1 Ne3
30.Nf2 Nf5 31.Qe5 Qg6 32.Qe4 Re8 33.Qxg2 Qh6 34.Ng4 Qg5 35.Nf2 Qd2 36.Ne4 Qe3+
37.Nf2 Qd2 38.Ne4 Qe3+ 39.Kh1 Rxe4 40.Rf1 h6 41.Rxf5 Re7 42.Rf8+ Kh7 43.Qc2+ Qe4+
44.Qxe4+ Rxe4 45.Rf7 Re1+ 46.Kg2 Re2+ 47.Rf2 Re3 48.Kf1 Kg6 49.Rg2+  1-0

[Event "Husek Vienna Open A"]
[Site "Vienna AUT"]
[Date "2012.08.17"]
[Round "5"]
[White "Banusz,T"]
[Black "Guliyev,N"]
[Result "1/2-1/2"]
[WhiteElo "2556"]
[BlackElo "2537"]

1.d4 d5 2.c4 dxc4 3.e4 e5 4.Nf3 exd4 5.Bxc4 Bb4+ 6.Nbd2 Nc6 7.O-O Nf6 8.e5 Nd5
9.Nb3 Nb6 10.Bb5 Qd5 11.Bxc6+ bxc6 12.Qxd4 Be7 13.Bg5 Bxg5 14.Nxg5 O-O 15.Rfe1 h6
16.Ne4 a5 17.Qc3 a4 18.Nbc5 Bf5 19.Ng3 Bg6 20.f4 Qc4 21.Qxc4 Nxc4 22.b3 Nb6
23.Rad1 axb3 24.axb3 Rfe8 25.Ra1 Rad8 26.Rad1 Ra8 27.Ra1 Rad8 28.Red1 Nd5
29.Rd4 Ne3 30.Rxd8  1/2-1/2